000 00482nam a22001697a 4500
003 BD-ChCU
005 20260402120954.0
008 260402b bg ||||| |||| 00| 0 ben d
040 _cBD-ChCU
082 _a330.122 THE
100 _aRonald H. Chilcote .
_921078
245 _aTheories of development mode of production of dependency .
_cchilcote H. Ronald .
260 _aLondon :
_bSage pub .
_cC 1983
300 _a256p.
650 0 _aCapitalism .
_921080
942 _2ddc
_cBK
_n0
999 _c112014
_d112014